000 00375nam a2200145Ia 4500
008 230917s9999||||xx |||||||||||||| ||und||
040 _e137492
_aMAIN
041 _aEnglish
082 _a005.453 A68C
100 _aAho, Alfred V
245 0 _aCompilers: Principles, techniques and tools
260 _aNew Delhi
_bPearson Education
_c2007
300 _a596 p.
942 _cBK
999 _c141778
_d141778